DTPA extractable soil micronutrients in the traditional rubber growing regions in India (Record no. 51553)

MARC details
000 -LEADER
fixed length control field 00500nam a2200169Ia 4500
100 ## - MAIN ENTRY--AUTHOR NAME
Personal name Joseph M.[a]
245 #0 - TITLE STATEMENT
Title DTPA extractable soil micronutrients in the traditional rubber growing regions in India
260 ## - PUBLICATION, DISTRIBUTION, ETC. (IMPRINT)
Name of publisher Indian Journal of Natural Rubber Research
Year of publication 1995
300 ## - PHYSICAL DESCRIPTION
Number of Pages 135-139
650 ## - SUBJECT ADDED ENTRY--TOPICAL TERM
Topical Term Micronutrient
650 ## - SUBJECT ADDED ENTRY--TOPICAL TERM
Topical Term Rubber growing soil
700 ## - ADDED ENTRY--PERSONAL NAME
Personal name Antony P.A.
700 ## - ADDED ENTRY--PERSONAL NAME
Personal name Prasad M.P.
700 ## - ADDED ENTRY--PERSONAL NAME
Personal name Punnoose K.I.
942 ## - ADDED ENTRY ELEMENTS (KOHA)
Koha item type Bibliography STAF
Holdings
Withdrawn status Lost status Damaged status Not for loan Home library Current library Shelving location Date acquired Serial Enumeration / chronology Koha item type
      Bibliography RRII Library RRII Library Soils and agonomy 09/04/2014 Volume 8, Issue 2 Bibliography STAF